Manual de diagnósticos enfermería
সংরক্ষণ করুন:
| প্রধান লেখক: | |
|---|---|
| সংস্থা লেখক: | |
| অন্যান্য লেখক: | , |
| বিন্যাস: | বৈদ্যুতিক বৈদ্যুতিন গ্রন্থ |
| ভাষা: | স্প্যানিশ ইংরেজি |
| প্রকাশিত: |
Barcelona :
Wolters Kluwer/Lippincott Williams & Wilkins Health,
c2013.
|
| সংস্করন: | 14. ed. |
| বিষয়গুলি: | |
| অনলাইন ব্যবহার করুন: | Authentication may be required: |
| ট্যাগগুলো: |
ট্যাগ যুক্ত করুন
কোনো ট্যাগ নেই, প্রথমজন হিসাবে ট্যাগ করুন!
|
MARC
| LEADER | 00000nam a2200000 a 4500 | ||
|---|---|---|---|
| 001 | E000000140 | ||
| 003 | UtOrBLW | ||
| 005 | 20160518163612.0 | ||
| 006 | m d | ||
| 007 | cr | ||
| 008 | 160518s2013 sp sbf 001 0 spa d | ||
| 020 | |z 9788415684053 | ||
| 035 | |a (E000000140)E000000140 | ||
| 040 | |a UtOrBLW |c UtOrBLW | ||
| 041 | 1 | |a spa |h eng | |
| 050 | 4 | |a RT48.6 |b .C385 2013 | |
| 060 | 1 | 0 | |a WY 49 |b C294h 2013a |
| 082 | 0 | 4 | |a 616.07/5 |2 23 |
| 100 | 1 | |a Carpenito-Moyet, Lynda Juall. |4 aut | |
| 240 | 1 | 0 | |a Handbook of nursing diagnosis. |l Spanish |
| 245 | 1 | 0 | |a Manual de diagnósticos enfermería |h [electronic resource] / |c Lynda Juall Carpenito ; [traducción, María Jesús Herrero Díaz, Juan Roberto Palacios Martínez]. |
| 250 | |a 14. ed. | ||
| 260 | |a Barcelona : |b Wolters Kluwer/Lippincott Williams & Wilkins Health, |c c2013. | ||
| 300 | |a 810 p. ; |c cm. | ||
| 500 | |a Spanish edition of the original work in English: Handbook of nursing diagnosis. 14th ed. 2013. | ||
| 504 | |a Includes bibliographical references and index. | ||
| 505 | 0 | |a sección 1. Diagnósticos enfermeros -- sección 2. Diagnósticos enfermeros de promocion de la salud. | |
| 533 | |a Electronic reproduction. |b New York, N.Y. : |c Ovid Technologies, Inc. |n Available via World Wide Web. | ||
| 650 | 0 | |a Nursing diagnosis |v Handbooks, manuals, etc. | |
| 650 | 1 | 2 | |a Nursing Diagnosis |v Handbooks |
| 700 | 1 | |a Herrero Díaz, María de Jesús. |4 trl | |
| 700 | 1 | |a Palacios Martínez, Juan Roberto. |4 trl | |
| 710 | 2 | |a Ovid Technologies, Inc. | |
| 856 | 4 | 0 | |a E-Books (Ovid) |z Authentication may be required: |u http://ovides.unach.elogim.com/Pages/book.aspx?isbn=9788415684053 |